Closest Genetic Populations to the Palestinians - Statistics

General Stats
  • This quiz has been taken 35 times
  • The average score is 6 of 12
Answer Stats
Genetic Distance Ethnicity % Correct
2.861 Lebanese
94%
2.731 Syrian
94%
4.257 Jordanian
88%
6.099 Saudi
69%
6.851 Greek
59%
4.127 Yemeni
59%
4.092 Qatari
47%
4.719 Druze
31%
5.158 Copt
28%
3.221 Emirati
28%
4.344 Samaritan
6%
6.644 Sephardi Jew
0%
No matching quizzes found
Score Distribution
Percent of People with Each Score
Percentile by Number Answered
Your Score History
You have not taken this quiz